[Event "68. BEM 2014"]
[Site "Dortmund"]
[Date "2014.01.28"]
[Round "2.12"]
[White "Böckmann, Lieselotte"]
[Black "Duschek, Günter"]
[Result "0-1"]
[WhiteElo "1051"]
[BlackElo "1482"]
[PlyCount "82"]
[EventDate "2014.??.??"]
[Source "SG Dortmund"]
[SourceDate "2004.12.16"]

1. c4 Nf6 2. Nc3 c6 3. e3 e6 4. a3 d5 5. d4 Be7 6. Nf3 h6 7. Bd3 dxc4 8. Bxc4
Nd5 9. Ne2 Nd7 10. O-O N5b6 11. Bb3 h5 12. e4 Nf6 13. e5 Nfd5 14. g3 h4 15. Bg5
Bxg5 16. Kh1 hxg3 17. fxg3 Be7 18. Qd3 a5 19. Nfg1 c5 20. Qf3 f5 21. Rac1 c4
22. Bd1 Bd7 23. b3 c3 24. Ra1 Bc6 25. Qf2 Ne3+ 26. Nf3 Nxf1 27. Qxf1 Nd5 28.
Kg1 Ne3 29. Qf2 Nxd1 30. Rxd1 Qd5 31. Rd3 Qxb3 32. Rxc3 Qd1+ 33. Kg2 Rd8 34.
Rxc6 bxc6 35. Nf4 Rh6 36. Ne2 Rb8 37. Nc3 Qc1 38. Ne2 Qxa3 39. h4 Rb2 40. Kh3
Qa1 41. Qe3 Qf1+ 0-1

[Event "68. BEM 2014"]
[Site "Dortmund"]
[Date "2014.01.28"]
[Round "2.13"]
[White "Grawe, Herbert"]
[Black "Kawka, Bogdan"]
[Result "0-1"]
[WhiteElo "1463"]
[BlackElo "1118"]
[PlyCount "68"]
[EventDate "2014.??.??"]
[Source "SG Dortmund"]
[SourceDate "2004.12.16"]

1. Nc3 Nf6 2. e4 e5 3. f4 Nc6 4. f5 Bc5 5. h3 d5 6. exd5 Nxd5 7. Nf3 Bxf5 8.
Bc4 Ndb4 9. d3 Nd4 10. Bxf7+ Kxf7 11. Nxe5+ Kg8 12. Qh5 g6 13. Qh6 Qf6 14. Bf4
Nbxc2+ 15. Kd2 Nxa1 16. Rxa1 Rd8 17. Re1 Ne6 18. g4 Bf8 19. gxf5 Bxh6 20. Bxh6
Ng5 21. h4 Nf7 22. Nd7 Qd6 23. Ne4 Qb4+ 24. Kd1 Nxh6 25. Nef6+ Kg7 26. Re4 Qxe4
27. dxe4 Rxd7+ 28. Nxd7 Rd8 29. f6+ Kg8 30. Ke2 Rxd7 31. e5 Kf7 32. Kf3 Ke6 33.
Kf4 Rd4+ 34. Kg5 Nf7# 0-1

[Event "68. BEM 2014"]
[Site "Dortmund"]
[Date "2014.01.28"]
[Round "2.14"]
[White "Wilkins, Petra"]
[Black "Simon, Stefan"]
[Result "0-1"]
[WhiteElo "942"]
[BlackElo "1431"]
[PlyCount "66"]
[EventDate "2014.??.??"]
[Source "SG Dortmund"]
[SourceDate "2004.12.16"]

1. d4 d5 2. Nf3 Nf6 3. g3 Bf5 4. Bg2 h6 5. Nbd2 Nbd7 6. b3 e6 7. Bb2 Bd6 8. O-O
O-O 9. c4 c6 10. c5 Bc7 11. b4 Re8 12. Ne5 Nxe5 13. dxe5 a6 14. exf6 gxf6 15.
Nf3 Be4 16. Qd2 Kh7 17. Bc1 Rh8 18. Qxh6+ Kg8 19. Qd2 f5 20. Bb2 f6 21. Nd4 Kf7
22. f3 f4 23. g4 Bg6 24. e3 fxe3 25. Qxe3 Bxh2+ 26. Kf2 e5 27. Ne2 d4 28. Qb3+
Kg7 29. Bc1 d3 30. Ng3 f5 31. Nxf5+ Bxf5 32. gxf5 Bg3+ 33. Kxg3 Qh4# 0-1

[Event "68. BEM 2014"]
[Site "Dortmund"]
[Date "2014.01.28"]
[Round "2.15"]
[White "Pachura, Karl-Heinz"]
[Black "Schmidt, Andreas N"]
[Result "1-0"]
[WhiteElo "1396"]
[BlackElo "984"]
[PlyCount "105"]
[EventDate "2014.??.??"]
[Source "SG Dortmund"]
[SourceDate "2004.12.16"]

1. e4 e5 2. Nf3 Nc6 3. Bb5 Nf6 4. Bxc6 dxc6 5. d3 Bd6 6. O-O O-O 7. Bg5 h6 8.
Bh4 Be6 9. Nbd2 g5 10. Bg3 Qd7 11. Nxe5 Qc8 12. Nec4 Bxg3 13. fxg3 Bg4 14. Qe1
Nh5 15. Ne3 Be6 16. Ndc4 f6 17. e5 f5 18. Nd2 f4 19. gxf4 gxf4 20. Nec4 Kh8 21.
Qh4 Qe8 22. Ne4 Qg6 23. Nf6 Nxf6 24. exf6 Rxf6 25. Rxf4 Raf8 26. Rxf6 Rxf6 27.
Ne5 Qg7 28. Qg3 Qh7 29. b3 h5 30. Qh4 Qf5 31. Nf3 Bd5 32. Rf1 Qg6 33. Qg5 Bxf3
34. Qxg6 Rxg6 35. Rxf3 h4 36. Rf8+ Kg7 37. Rc8 h3 38. Rxc7+ Kh6 39. g3 Kg5 40.
Rh7 Kg4 41. Rh4+ Kf3 42. Rxh3 Re6 43. g4+ Kxg4 44. Rg3+ Kh4 45. Kf2 Rf6+ 46.
Ke2 Re6+ 47. Kd2 Re5 48. Rg7 Kh3 49. Rxb7 Rh5 50. Rxa7 Kg4 51. Rg7+ Kf4 52. Rg2
Kf3 53. Re2 1-0

[Event "68. BEM 2014"]
[Site "Dortmund"]
[Date "2014.01.28"]
[Round "2.16"]
[White "Reker, Gerhard"]
[Black "Jentzsch, Werner Wilfried"]
[Result "0-1"]
[WhiteElo "890"]
[BlackElo "1337"]
[PlyCount "78"]
[EventDate "2014.??.??"]
[Source "SG Dortmund"]
[SourceDate "2004.12.16"]

1. e4 c5 2. Nf3 Nc6 3. Nc3 e6 4. Bb5 a6 5. Bxc6 bxc6 6. O-O Nf6 7. d3 Qc7 8. e5
Nd5 9. Nxd5 cxd5 10. c3 Bb7 11. d4 cxd4 12. cxd4 d6 13. Bf4 Be7 14. Qa4+ Qd7
15. Qxd7+ Kxd7 16. exd6 Bxd6 17. Bxd6 Kxd6 18. Ne5 Rhf8 19. b3 f6 20. Nf3 g5
21. a4 h6 22. Rad1 a5 23. g3 Ba6 24. Rfe1 Rab8 25. Nd2 Rb4 26. Nf3 Rxb3 27. Kg2
Rfb8 28. Nd2 Ra3 29. Rb1 Rc8 30. Rb6+ Rc6 31. Reb1 Rxa4 32. Rxc6+ Kxc6 33. Rc1+
Bc4 34. Re1 Kd6 35. Rb1 Rb4 36. Ra1 a4 37. Nb1 Bb3 38. Nc3 Kc6 39. Rc1 Rc4 0-1

[Event "68. BEM 2014"]
[Site "Dortmund"]
[Date "2014.01.28"]
[Round "2.17"]
[White "Wangrin, Stefan A"]
[Black "Sobottka, Hans-Gerald"]
[Result "0-1"]
[WhiteElo "1323"]
[BlackElo "876"]
[PlyCount "92"]
[EventDate "2014.??.??"]
[Source "SG Dortmund"]
[SourceDate "2004.12.16"]

1. e4 e5 2. Bc4 Nf6 3. Nc3 Nc6 4. d3 Bb4 5. Nge2 O-O 6. a3 Bxc3+ 7. Nxc3 h6 8.
Nd5 Nxd5 9. Bxd5 a6 10. Qg4 d6 11. Qg3 Nd4 12. Bxh6 Qf6 13. Bg5 Qg6 14. Rc1 c6
15. Ba2 Be6 16. b3 f6 17. Bf4 Qxg3 18. Bxg3 c5 19. c3 Nc6 20. h4 Kh7 21. f4 d5
22. f5 Bf7 23. Bf2 d4 24. cxd4 cxd4 25. h5 Rac8 26. g4 Nb4 27. Bb1 Rxc1+ 28.
Kd2 Rxh1 29. Be1 Rh2+ 30. Kd1 Bxb3+ 31. Bc2 Bxc2+ 32. Kc1 Na2+ 33. Kb2 Bxd3+
34. Kb3 Rc8 35. Ka4 Nc3+ 36. Ka5 Ra2 37. Kb6 Bxe4 38. h6 gxh6 39. a4 Rxa4 40.
g5 hxg5 41. Bd2 Rc6+ 42. Ka7 Nb5+ 43. Kb8 Rac4 44. Kxb7 Nd6+ 45. Ka7 Nc8+ 46.
Kb7 Rb6# 0-1

[Event "68. BEM 2014"]
[Site "Dortmund"]
[Date "2014.01.30"]
[Round "3.1"]
[White "Cogan, Leonid"]
[Black "Brendemühl, Bernd"]
[Result "0-1"]
[WhiteElo "1741"]
[BlackElo "1961"]
[PlyCount "34"]
[EventDate "2014.??.??"]
[Source "SG Dortmund"]
[SourceDate "2004.12.16"]

1. e4 c5 2. Nf3 g6 3. d4 cxd4 4. Qxd4 Nf6 5. e5 Nc6 6. Qa4 Nd5 7. Qe4 Ndb4 8.
a3 d5 9. exd6 Bf5 10. Qc4 Nxc2+ 11. Ke2 Nxa1 12. Nc3 Bg7 13. Ng5 e6 14. g4 Nd4+
15. Kd1 Bc2+ 16. Ke1 Bb3 17. Qd3 Nac2+ 0-1

[Event "68. BEM 2014"]
[Site "Dortmund"]
[Date "2014.01.30"]
[Round "3.2"]
[White "Stricker, Florian"]
[Black "Ewers, Christian"]
[Result "1-0"]
[WhiteElo "1891"]
[BlackElo "1692"]
[PlyCount "43"]
[EventDate "2014.??.??"]
[Source "SG Dortmund"]
[SourceDate "2004.12.16"]

1. d4 Nf6 2. c4 c5 3. d5 b5 4. cxb5 a6 5. bxa6 Bxa6 6. Nc3 g6 7. e4 Bxf1 8.
Kxf1 d6 9. Nge2 Bg7 10. g3 O-O 11. Kg2 Nbd7 12. Qc2 e6 13. dxe6 fxe6 14. Qb3
Qe7 15. Nf4 Rfe8 16. a4 Kh8 17. Rd1 Rab8 18. Qa2 Rb4 19. Nd3 Nxe4 20. Nxb4 Bxc3
21. Nc6 Qf6 22. bxc3 1-0

[Event "68. BEM 2014"]
[Site "Dortmund"]
[Date "2014.01.30"]
[Round "3.3"]
[White "Raskin, Vitali"]
[Black "Schütz, Ralf"]
[Result "0-1"]
[WhiteElo "1619"]
[BlackElo "1824"]
[PlyCount "82"]
[EventDate "2014.??.??"]
[Source "SG Dortmund"]
[SourceDate "2004.12.16"]

1. d4 Nf6 2. c4 e6 3. Nc3 Bb4 4. Qb3 c5 5. dxc5 Na6 6. Bd2 Bxc5 7. Nf3 b6 8. h3
Bb7 9. e3 Be7 10. Qc2 O-O 11. a3 Nc5 12. b4 Nce4 13. Bd3 Nxd2 14. Qxd2 a5 15.
Rb1 axb4 16. axb4 d6 17. e4 Ra3 18. O-O Qa8 19. Rfe1 Nd7 20. Nb5 Ra2 21. Rb2
Rxb2 22. Qxb2 Bf6 23. Qb3 Qb8 24. Bc2 Ne5 25. Nxe5 Bxe5 26. Qe3 g6 27. f4 Bf6
28. Qxb6 Be7 29. Qe3 d5 30. c5 dxe4 31. Nd4 Bd5 32. Qd2 f5 33. g3 Rd8 34. Rc1
Ba8 35. Rd1 Bf6 36. Qe3 Qxb4 37. Nxe6 Rxd1+ 38. Bxd1 Bd5 39. Nc7 Bd4 40. Nxd5
Bxe3+ 41. Nxe3 Qe1+ 0-1

[Event "68. BEM 2014"]
[Site "Dortmund"]
[Date "2014.01.30"]
[Round "3.4"]
[White "Krug, Roland"]
[Black "Kartsev, Nikolaj"]
[Result "1-0"]
[WhiteElo "1767"]
[BlackElo "1519"]
[PlyCount "97"]
[EventDate "2014.??.??"]
[Source "SG Dortmund"]
[SourceDate "2004.12.16"]

1. d4 Nf6 2. c4 g6 3. g3 Bg7 4. Bg2 O-O 5. e4 d6 6. Ne2 Nbd7 7. O-O e5 8. Nbc3
Re8 9. d5 Nc5 10. b4 Na6 11. Rb1 Nh5 12. f3 c5 13. b5 Nc7 14. a4 f5 15. Qd3 Rf8
16. Bd2 b6 {(=)} 17. a5 bxa5 18. Ra1 Re8 19. Ra3 fxe4 20. Nxe4 Bf5 21. Rxa5
Bxe4 22. fxe4 Rf8 23. Bf3 Qd7 {(=)} 24. Kg2 h6 25. Ng1 Nf6 26. Rfa1 Nce8 27. b6
Rf7 28. bxa7 Qb7 29. Ne2 Qb6 30. Ra6 Qd8 31. Nc3 Rb7 32. Nb5 Bf8 33. Ba5 Qd7
34. Rc6 Kh8 35. Bd2 Bg7 {(=)} 36. Qa3 Nxd5 37. exd5 e4 38. Bxe4 Bxa1 39. Qxa1+
Kh7 40. Qf1 Qg4 41. Qf3 Qxf3+ 42. Bxf3 Kg7 43. Bf4 Rd7 44. Bg4 Rdd8 45. Be6 g5
46. Bd2 Kf6 47. Ba5 Ke5 48. Bxd8 Rxd8 49. Rc8 1-0

[Event "68. BEM 2014"]
[Site "Dortmund"]
[Date "2014.01.30"]
[Round "3.5"]
[White "Begna, Bozidar"]
[Black "Kropp, Andreas"]
[Result "0-1"]
[WhiteElo "1958"]
[BlackElo "1948"]
[PlyCount "112"]
[EventDate "2014.??.??"]
[Source "SG Dortmund"]
[SourceDate "2004.12.16"]

1. e4 e5 2. Nf3 Nc6 3. Bb5 a6 4. Ba4 Nf6 5. Qe2 d6 6. c3 b5 7. Bb3 Bg4 8. a4
Na5 9. Bc2 c6 10. d4 exd4 11. cxd4 Be7 12. O-O O-O 13. Nbd2 Re8 14. b4 Nb7 15.
e5 dxe5 16. dxe5 Bxb4 17. Ne4 Nd5 18. Qd3 g6 19. Bg5 Be7 20. h4 Bf5 21. Nd4 Nc5
22. Qf3 Nxe4 23. Nxf5 Nxg5 24. Nh6+ Kg7 25. hxg5 Rf8 26. Bb3 Bxg5 27. Ng4 h5
28. Ne3 Ne7 29. Rac1 Qb6 30. Qe4 Rad8 31. Rfd1 Bxe3 32. fxe3 Rxd1+ 33. Rxd1 Nf5
34. Kf2 Rd8 35. e6 fxe6 36. Qxe6 Rxd1 37. Bxd1 Qc7 38. axb5 axb5 39. Bf3 c5 40.
Bd5 Qe7 41. Qg8+ Kh6 42. Qh8+ Kg5 43. e4 Nd4 44. Qb8 b4 45. Qg3+ Kh6 46. Qb8
Qf6+ 47. Ke1 Qh4+ 48. Kf1 Qe7 49. Qf4+ Kg7 50. Ke1 Nf5 51. Qb8 Ne3 52. Qg8+ Kh6
53. g3 Qd6 54. Kf2 Ng4+ 55. Kg2 Qf6 56. Kh3 Qf1+ 0-1

[Event "68. BEM 2014"]
[Site "Dortmund"]
[Date "2014.01.30"]
[Round "3.6"]
[White "Simon, Thomas"]
[Black "Gegner, Michael"]
[Result "1/2-1/2"]
[WhiteElo "1730"]
[BlackElo "1491"]
[PlyCount "28"]
[EventDate "2014.??.??"]
[Source "SG Dortmund"]
[SourceDate "2004.12.16"]

1. Nf3 h6 2. b3 g5 3. Bb2 Nf6 4. Bxf6 exf6 5. c3 d5 6. Qc2 c5 7. d4 Nc6 8. e3
f5 9. Bd3 Qf6 10. Bb5 Bd7 11. Bxc6 Bxc6 12. Ne5 Bd6 13. Nxc6 bxc6 14. Nd2 O-O
1/2-1/2

[Event "68. BEM 2014"]
[Site "Dortmund"]
[Date "2014.01.30"]
[Round "3.7"]
[White "Rauschenbusch, Udo"]
[Black "Duschek, Günter"]
[Result "1-0"]
[WhiteElo "1651"]
[BlackElo "1482"]
[PlyCount "89"]
[EventDate "2014.??.??"]
[Source "SG Dortmund"]
[SourceDate "2004.12.16"]

1. Nf3 d5 2. d4 Nf6 3. g3 Bf5 4. Bg2 e6 5. c4 c6 6. c5 Be7 7. O-O Ne4 8. Nbd2
h6 9. Nxe4 Bxe4 10. Nd2 Bxg2 11. Kxg2 Bf6 12. Nf3 h5 13. h4 Nd7 14. Bf4 Nf8 15.
Qd2 Ng6 16. Bd6 Be7 17. Bxe7 Qxe7 18. b4 a6 19. a4 O-O 20. Qb2 Rfe8 {(=)} 21.
Ne5 Nxe5 22. dxe5 f6 23. f4 f5 24. Qd4 Qd7 25. Rf3 Qc7 26. Rb3 Reb8 27. Rab1
Qd7 28. b5 axb5 29. axb5 Qc8 30. bxc6 bxc6 31. Rb6 Qd8 32. R1b4 Rc8 33. Qb2 Kh7
34. Rb7 Ra5 35. Rf7 Rb5 36. Rxb5 cxb5 37. Qxb5 Qg8 38. Qd7 Rf8 39. Rxf8 Qxf8
40. Qd6 Qa8 41. Qxe6 d4+ 42. c6 Qa6 43. Qxf5+ g6 44. Qe4 Qc4 45. e6 1-0

[Event "68. BEM 2014"]
[Site "Dortmund"]
[Date "2014.01.30"]
[Round "3.9"]
[White "Jentzsch, Werner Wilfried"]
[Black "Ziemek, Gerhard"]
[Result "0-1"]
[WhiteElo "1337"]
[BlackElo "1615"]
[PlyCount "102"]
[EventDate "2014.??.??"]
[Source "SG Dortmund"]
[SourceDate "2004.12.16"]

1. d4 d5 2. Nc3 Nf6 3. Bf4 c6 4. Nf3 Bg4 5. e3 h6 6. Be2 Nbd7 7. Ne5 Bxe2 8.
Qxe2 e6 9. O-O Be7 10. a3 O-O 11. Ng4 Nxg4 12. Qxg4 g5 13. h4 Nf6 14. Qg3 Nh7
15. hxg5 hxg5 16. Bxg5 Nxg5 17. f4 Kg7 18. fxg5 Bd6 19. Qg4 Be7 20. Rf3 Bxg5
21. Raf1 f5 22. Qg3 Qe7 23. Qe5+ Bf6 24. Rg3+ Kf7 25. Qf4 Rg8 26. Rh3 Rg4 27.
Rh7+ Rg7 28. Rxg7+ Kxg7 29. Rf3 Rh8 30. Rg3+ Kf7 31. Ne2 Rh5 32. Qb8 Rh8 33.
Qxa7 Qc7 34. a4 e5 35. a5 f4 36. exf4 exf4 37. Nxf4 Qxf4 38. Qxb7+ Ke6 39.
Qxc6+ Ke7 40. Qc5+ Qd6 41. Re3+ Kd7 42. Qb5+ Kd8 43. Qb6+ Qxb6 44. axb6 Bxd4
45. Kf2 Bxb6 46. Ke2 Bxe3 47. Kxe3 Kd7 48. b4 Rg8 49. Kf3 Kd6 50. g4 Ke5 51. c3
Rc8 0-1

[Event "68. BEM 2014"]
[Site "Dortmund"]
[Date "2014.01.30"]
[Round "3.10"]
[White "Benke, Werner"]
[Black "Pachura, Karl-Heinz"]
[Result "1-0"]
[WhiteElo "1555"]
[BlackElo "1396"]
[PlyCount "69"]
[EventDate "2014.??.??"]
[Source "SG Dortmund"]
[SourceDate "2004.12.16"]

1. d4 d5 2. Nf3 e6 3. e3 Nf6 4. Nbd2 Be7 5. Be2 O-O 6. O-O c5 7. c4 Nc6 8. cxd5
exd5 9. b3 Bf5 10. Nh4 Be6 11. Nhf3 Ne4 12. Bb2 Bf6 13. h3 cxd4 14. Nxd4 Nxd4
15. exd4 Nd6 16. Nf3 Nf5 17. Qd2 Nh4 18. Nxh4 Bxh4 19. Rfd1 a6 20. Qe3 Rc8 21.
Qf3 Qd7 22. Bd3 Be7 23. Re1 Qd6 24. Qh5 g6 25. Qe5 Qd8 26. Bc1 Bd6 27. Qg5 Qb6
28. Bb2 Qd8 29. Qxd8 Rfxd8 30. Rac1 Rxc1 {(=)} 31. Rxc1 Rc8 32. Rxc8+ Bxc8 33.
Kf1 Bd7 34. Ke2 Kg7 35. Kf3 {Die Partie ist anhand der Aufzeichnungen der
Spieler nur bis zur Haelfte rekonstruierbar. Weiss gewann nach rund 65 Zuegen.}
1-0

[Event "68. BEM 2014"]
[Site "Dortmund"]
[Date "2014.01.30"]
[Round "3.11"]
[White "Sohraby, Darjusch"]
[Black "Reinacher, Detlev"]
[Result "0-1"]
[WhiteElo "1292"]
[BlackElo "1532"]
[PlyCount "54"]
[EventDate "2014.??.??"]
[Source "SG Dortmund"]
[SourceDate "2004.12.16"]

1. d4 Nf6 2. c4 d6 3. Nc3 g6 4. Nf3 Bg7 5. e3 O-O 6. Be2 c6 7. O-O Nbd7 8. b3
a6 9. Bb2 Qc7 10. Qc2 b6 11. e4 Bb7 12. Rfe1 e5 13. d5 c5 14. a4 Nh5 15. Bc1
Rae8 16. Be3 Bc8 17. Qd2 Nf4 18. g3 Nxe2+ 19. Rxe2 Nb8 20. Bh6 f5 21. Bxg7 Qxg7
22. Ng5 h6 23. Ne6 Bxe6 24. dxe6 Rxe6 25. Nd5 Nc6 26. Ra3 Nd4 27. Re1 Nf3+ 0-1

[Event "68. BEM 2014"]
[Site "Dortmund"]
[Date "2014.01.30"]
[Round "3.12"]
[White "Brohl, Thomas"]
[Black "Kawka, Bogdan"]
[Result "1/2-1/2"]
[WhiteElo "1523"]
[BlackElo "1118"]
[PlyCount "60"]
[EventDate "2014.??.??"]
[Source "SG Dortmund"]
[SourceDate "2004.12.16"]

1. e4 e5 2. Nf3 Nc6 3. Bb5 Nf6 4. O-O d6 5. Nc3 Bd7 6. d4 exd4 7. Nxd4 Nxd4 8.
Qxd4 Bxb5 9. Nxb5 Be7 10. c4 a6 11. Nc3 c6 12. Bf4 Nh5 13. Be3 O-O 14. a4 Re8
15. Rad1 Qc7 16. f3 Rad8 17. g4 Nf6 18. Qb6 Qc8 19. Rf2 Nd7 20. Qd4 Ne5 21. Bf4
Bf6 22. Bxe5 Bxe5 23. Qd3 Qe6 24. b3 Qf6 25. Ne2 Qe6 26. f4 Bf6 27. g5 Be7 28.
f5 Qe5 29. h4 f6 30. Qd4 fxg5 1/2-1/2

[Event "68. BEM 2014"]
[Site "Dortmund"]
[Date "2014.01.30"]
[Round "3.14"]
[White "Grube, Jörg"]
[Black "Sobottka, Hans-Gerald"]
[Result "1-0"]
[WhiteElo "1810"]
[BlackElo "876"]
[PlyCount "41"]
[EventDate "2014.??.??"]
[Source "SG Dortmund"]
[SourceDate "2004.12.16"]

1. d4 d5 2. c4 e6 3. Nc3 Bb4 4. e3 Bxc3+ 5. bxc3 Nf6 6. Ba3 c6 7. Bd3 a6 8. Nf3
Nbd7 9. O-O b5 10. cxd5 cxd5 11. Nd2 Qa5 12. Qb3 Nb6 13. Bb4 Qa4 14. Qb1 Nc4
15. Nf3 Na3 16. Qc1 a5 17. Bxa3 b4 18. cxb4 axb4 19. Bxb4 Qxb4 20. Qc6+ Nd7 21.
Qxa8 1-0

[Event "68. BEM 2014"]
[Site "Dortmund"]
[Date "2014.01.30"]
[Round "3.15"]
[White "Böckmann, Lieselotte"]
[Black "Grawe, Herbert"]
[Result "0-1"]
[WhiteElo "1051"]
[BlackElo "1463"]
[PlyCount "62"]
[EventDate "2014.??.??"]
[Source "SG Dortmund"]
[SourceDate "2004.12.16"]

1. c4 Nc6 2. Nf3 e5 3. Nc3 Nf6 4. b3 h6 5. e3 a6 6. Be2 Bc5 7. Bb2 e4 8. Ng1
O-O 9. Nh3 d6 10. Nf4 Ne7 11. Na4 Ba7 12. Bxf6 gxf6 13. Qc2 f5 14. Qc3 Ng6 15.
Nxg6 fxg6 16. O-O f4 17. f3 fxe3 18. dxe3 Qg5 19. Kh1 Bxe3 20. c5 d5 21. Qe1
Bf5 22. Rd1 d4 23. h4 Qe7 24. Qg3 d3 25. Bxd3 exd3 26. b4 Qf6 27. Nc3 Qxc3 28.
f4 d2 29. Qf3 c6 30. g4 Be6 31. Qe4 Bd5 0-1

[Event "68. BEM 2014"]
[Site "Dortmund"]
[Date "2014.01.30"]
[Round "3.16"]
[White "Schmidt, Andreas N"]
[Black "Wangrin, Stefan A"]
[Result "0-1"]
[WhiteElo "984"]
[BlackElo "1323"]
[PlyCount "112"]
[EventDate "2014.??.??"]
[Source "SG Dortmund"]
[SourceDate "2004.12.16"]

1. e4 c5 2. Nf3 Nc6 3. d4 d5 4. exd5 Qxd5 5. Nc3 Qd8 6. d5 Nb8 7. Bc4 e6 8. O-O
Nf6 9. Re1 Be7 10. Bg5 exd5 11. Nxd5 Be6 12. Bxf6 Bxf6 13. Nxf6+ Qxf6 14. Ne5
O-O 15. Bd3 Bf5 16. Ng4 Qg5 17. Bxf5 Qxf5 18. Re5 Qc8 19. Rh5 a5 20. Qd3 f5 21.
Nh6+ gxh6 22. Re1 Ra6 23. Re7 Re6 24. Qg3+ Rg6 25. Qe5 Nc6 26. Qd5+ Kh8 27. Rd7
Rd8 28. Rxd8+ Qxd8 29. Rxf5 Qxd5 30. Rxd5 Re6 31. h3 b6 32. c3 Re2 33. Rd6 Ne5
34. Rxb6 Nd3 35. Kh2 Rxf2 36. Kg3 Rxb2 37. Rd6 Ne1 38. Kh4 Nxg2+ 39. Kh5 Ne3
40. Rxh6 Rxa2 41. Rc6 c4 42. Rc7 Ra3 43. Kh6 Nf5+ 44. Kg5 Nd6 45. Rd7 Rxc3 46.
Rxd6 Kg7 47. Rd7+ Kf8 48. Rxh7 a4 49. Kf6 Rf3+ 50. Ke6 c3 51. Rc7 a3 52. Ra7 c2
53. Ra8+ Kg7 54. Ra7+ Kg6 55. Ra8 c1=Q 56. Rg8+ Kh7 0-1

[Event "68. BEM 2014"]
[Site "Dortmund"]
[Date "2014.01.30"]
[Round "3.17"]
[White "Busse, Siegfried"]
[Black "Wilkins, Petra"]
[Result "1-0"]
[WhiteElo "1284"]
[BlackElo "942"]
[PlyCount "83"]
[EventDate "2014.??.??"]
[Source "SG Dortmund"]
[SourceDate "2004.12.16"]

1. e4 d6 2. Nf3 Nf6 3. d3 g6 4. c4 Bg7 5. Nc3 O-O 6. Be2 Nc6 7. a3 Bg4 8. h3
Bxf3 9. Bxf3 Nd4 10. Be3 Nxf3+ 11. Qxf3 e5 12. O-O c6 13. Qe2 Nh5 14. Qd2 Qh4
15. Ne2 (15. Bg5 $1 $16) 15... f5 16. Bg5 $1 $18 Bh6 17. Bxh6 f4 18. Bxf8 Rxf8
19. f3 Qg5 20. Qb4 Qe7 21. Rad1 c5 22. Qd2 g5 23. b4 b6 24. a4 Qd7 25. a5 Nf6
26. g4 Qg7 27. Kh2 h5 28. Nc3 Qh6 29. Qg2 hxg4 30. fxg4 Qh4 31. Qf3 Rf7 32.
axb6 axb6 33. bxc5 bxc5 34. Nd5 Nxg4+ 35. Qxg4 Qxg4 36. hxg4 Rh7+ 37. Kg2 Rh4
38. Kf2 Rxg4 39. Nf6+ Kf7 40. Nxg4 Ke6 41. Kf3 d5 42. cxd5+ 1-0

[Event "68. BEM 2014"]
[Site "Dortmund"]
[Date "2014.01.30"]
[Round "3.18"]
[White "Reker, Gerhard"]
[Black "Schlettig, Hans-Joachim"]
[Result "0-1"]
[WhiteElo "890"]
[BlackElo "1183"]
[PlyCount "58"]
[EventDate "2014.??.??"]
[Source "SG Dortmund"]
[SourceDate "2004.12.16"]

1. e4 e5 2. Nc3 Nf6 3. Nf3 Nc6 4. Bb5 d6 5. O-O Bd7 6. d3 Nd4 7. Bxd7+ Qxd7 8.
Nxd4 exd4 9. Nd5 Nxd5 10. exd5 O-O-O 11. Bg5 f6 12. Bf4 g5 13. Bg3 Bg7 14. Qd2
h5 15. f4 Rde8 16. fxg5 f5 17. Bf4 Be5 18. c3 Rh7 19. c4 Rhe7 20. b4 Bxf4 21.
Qxf4 Re2 22. Qxd4 Qa4 23. a3 Qc2 24. Qf4 Rxg2+ 25. Kh1 Ree2 26. Qxf5+ Kd8 27.
Qf6+ Re7 28. Rae1 Rxh2+ 29. Kg1 Qg2# 0-1

[Event "68. BEM 2014"]
[Site "Dortmund"]
[Date "2014.02.03"]
[Round "4.1"]
[White "Brendemühl, Bernd"]
[Black "Krug, Roland"]
[Result "1-0"]
[WhiteElo "1961"]
[BlackElo "1767"]
[PlyCount "125"]
[EventDate "2014.??.??"]
[Source "SG Dortmund"]
[SourceDate "2004.12.16"]

1. e4 c5 2. Nf3 e6 3. d4 cxd4 4. Nxd4 Nf6 5. Nc3 d6 6. Be2 Be7 7. O-O Nc6 8.
Be3 Bd7 9. Qd2 O-O 10. f4 Nxd4 11. Bxd4 Bc6 12. Bf3 Qc7 13. Rad1 Rad8 14. Qf2
b6 15. Rfe1 Qb7 16. a4 d5 17. exd5 Nxd5 18. Nxd5 Bxd5 19. Qg3 g6 20. Be2 Bc6
21. c3 Bxa4 22. Ra1 Bc6 23. Ba6 Qd7 24. f5 Bc5 25. Bxc5 bxc5 26. fxe6 (26. f6
Qd2) 26... fxe6 27. Qe5 Qd5 28. Qxe6+ Rf7 29. Qxd5 Bxd5 30. Ra5 Rfd7 31. Rxc5
Bb3 32. Rce5 Rd1 33. Rxd1 Rxd1+ 34. Kf2 Rd2+ 35. Re2 Rd7 36. Bc8 Rc7 37. Be6+
Bxe6 38. Rxe6 Kf7 39. Ra6 Rb7 40. Kf3 (40. b4 $142 Rc7 41. Ra3) 40... h6 41. b4
Rc7 42. Ra3 Ke6 43. Ke4 Rc4+ 44. Kd3 Rc7 45. c4 Rd7+ 46. Ke4 Ke7 47. c5 Rb7 48.
Ra4 Ke6 49. Ra6+ Kf7 50. Ra4 Ke6 51. Kd4 Rd7+ 52. Kc3 h5 53. Ra6+ Kf5 54. c6
Rc7 55. Kc4 Ke6 56. b5 $2 ({Einfacher war} 56. Kc5 {denn} 56... Rf7 {
scheitert an} 57. c7+) 56... Kd6 57. Ra2 Re7 58. Rd2+ Kc7 59. Kc5 Re5+ 60. Rd5
Re7 61. Rg5 Rg7 62. Kd5 Rg8 63. Ke6 1-0

[Event "68. BEM 2014"]
[Site "Dortmund"]
[Date "2014.02.03"]
[Round "4.2"]
[White "Schütz, Ralf"]
[Black "Stricker, Florian"]
[Result "1-0"]
[WhiteElo "1824"]
[BlackElo "1891"]
[PlyCount "117"]
[EventDate "2014.??.??"]
[Source "SG Dortmund"]
[SourceDate "2004.12.16"]

1. e4 e6 2. d4 d5 3. Nc3 Nf6 4. e5 Nfd7 5. f4 c5 6. Nf3 Nc6 7. Be3 a6 8. Qd2 b5
9. a3 Qb6 10. dxc5 Bxc5 11. Bxc5 Nxc5 12. b4 Nd7 13. Bd3 Bb7 14. Qf2 Qxf2+ 15.
Kxf2 Rc8 16. Ne2 O-O 17. Ned4 Nxd4 18. Nxd4 Nb6 19. g4 Rce8 20. Rhe1 Bc8 21.
Kg3 f6 22. Nf3 Bd7 23. Re3 Re7 24. Rae1 Rfe8 25. exf6 gxf6 26. h4 Nc4 27. Bxc4
bxc4 28. g5 f5 29. h5 Ba4 30. Nd4 Kf7 31. Kh4 Bd7 32. R3e2 Bb5 33. c3 Bd7 34.
Nf3 Rg8 35. Ne5+ Ke8 36. g6 Kd8 37. Nf7+ Rxf7 38. gxf7 Rg4+ 39. Kh3 Ke7 40.
f8=Q+ Kxf8 41. Rf1 Kg7 42. Rg2 Rxg2 43. Kxg2 Kh6 44. Kf2 Kxh5 45. Rg1 d4 46.
cxd4 Ba4 47. Rc1 Bb3 48. Kg3 Kg6 49. Kh4 Kf6 50. a4 Ke7 51. b5 axb5 52. axb5
Kd7 53. Kg5 Kc7 54. Kf6 Kb6 55. Kxe6 c3+ 56. d5 c2 57. Rxc2 Bxc2 58. d6 Bb3+
59. Ke7 1-0

[Event "68. BEM 2014"]
[Site "Dortmund"]
[Date "2014.02.03"]
[Round "4.3"]
[White "Kropp, Andreas"]
[Black "Benke, Werner"]
[Result "1-0"]
[WhiteElo "1948"]
[BlackElo "1555"]
[PlyCount "71"]
[EventDate "2014.??.??"]
[Source "SG Dortmund"]
[SourceDate "2004.12.16"]

1. Nf3 Nf6 2. d4 d5 3. Bf4 e6 4. e3 Bd6 5. Bg5 Be7 6. c4 O-O 7. Nc3 a6 8. Qc2
Nbd7 9. cxd5 exd5 10. Bd3 h6 11. Bf4 c6 12. h3 Re8 13. O-O c5 14. Rfd1 c4 15.
Bf5 Nf8 16. Ne5 Be6 17. Bg3 Qc8 18. Bxe6 Qxe6 19. b3 b5 20. bxc4 bxc4 21. Rab1
Rec8 22. Rb7 N6d7 23. Qa4 Nxe5 24. Bxe5 Ng6 25. Bg3 Rc6 26. Rdb1 Rac8 27. Qa5
Bd6 28. Bxd6 Rxd6 29. R1b6 Ne7 30. Qxa6 Rxb6 31. Rxb6 Qd7 32. Qb5 Qd8 33. a4
Kh7 34. a5 Rc7 35. a6 f6 36. Rb7 1-0

[Event "68. BEM 2014"]
[Site "Dortmund"]
[Date "2014.02.03"]
[Round "4.5"]
[White "Ewers, Christian"]
[Black "Zabel, Reinhard"]
[Result "1-0"]
[WhiteElo "1692"]
[BlackElo "1498"]
[PlyCount "45"]
[EventDate "2014.??.??"]
[Source "SG Dortmund"]
[SourceDate "2004.12.16"]

1. e4 e5 2. Bc4 Nf6 3. Nc3 Nc6 4. d3 Be7 5. Nge2 Na5 6. Bb3 Nxb3 7. axb3 d5 8.
exd5 Nxd5 9. O-O O-O 10. Nxd5 Qxd5 11. Nc3 Qc6 12. Re1 Bb4 13. Rxe5 Bxc3 14.
bxc3 Qxc3 15. Bf4 Be6 16. Rea5 a6 17. Be5 Qc6 18. b4 Rfe8 19. Rc5 Qb6 20. Rxc7
Rac8 21. Rxc8 Rxc8 22. d4 Bd5 23. Qg4 1-0